Top 20 Richest (GDP) Countries - Statistics

General Stats
  • This quiz has been taken 25 times
    16 since last reset
  • The average score is 18 of 20
Answer Stats
Richest Countries % Correct
Canada
100%
France
100%
Germany
100%
Japan
100%
Australia
93%
Brazil
93%
China
93%
India
93%
Mexico
93%
South Korea
93%
UK
93%
United States
93%
Russia
86%
Spain
86%
Indonesia
79%
Italy
79%
Saudi Arabia
79%
Switzerland
79%
Turkey
79%
Netherlands
71%
No matching quizzes found
Score Distribution
Percent of People with Each Score
Percentile by Number Answered
Your Score History
You have not taken this quiz since the last reset